Towards hope: an ecological approach to the future (Record no. 375548)

000 -LEADER
fixed length control field 00556cam a22001697a 4500
008 - FIXED-LENGTH DATA ELEMENTS--GENERAL INFORMATION
fixed length control field 180718b1992 xxu||||| |||| 00| 0 eng d
020 ## - INTERNATIONAL STANDARD BOOK NUMBER
International Standard Book Number 8190028103
082 ## - DEWEY DECIMAL CLASSIFICATION NUMBER
Classification number O91 Sh69
100 ## - MAIN ENTRY--PERSONAL NAME
Personal name Shiva, Vandana
245 ## - TITLE STATEMENT
Title Towards hope: an ecological approach to the future
Statement of responsibility, etc. by Vandana Shiva...[et.al.]
260 ## - PUBLICATION, DISTRIBUTION, ETC.
Place of publication, distribution, etc. Delhi
Name of publisher, distributor, etc. Indian National Trust for Art and Cultural Heritage
Date of publication, distribution, etc. 1992
300 ## - PHYSICAL DESCRIPTION
Extent 94p.
440 ## - SERIES STATEMENT/ADDED ENTRY--TITLE
Title Studies in ecology and sustainable development, no.6
650 ## - SUBJECT ADDED ENTRY--TOPICAL TERM
Topical term or geographic name entry element Green revolution
650 ## - SUBJECT ADDED ENTRY--TOPICAL TERM
Topical term or geographic name entry element Sustainable development
650 ## - SUBJECT ADDED ENTRY--TOPICAL TERM
Topical term or geographic name entry element Ecology
Holdings
Withdrawn status Lost status Damaged status Not for loan Permanent Location Current Location Date acquired Full call number Barcode Date last seen Price effective from Koha item type
        Indian Institute of Public Administration Indian Institute of Public Administration 1994-08-25 O91 Sh69 68172 2018-07-21 2018-07-21 Book

Powered by Koha